000 00292nam a2200133 i 4500
001 bg
100 1 _aKRAUSE, Carl
245 0 _aAussenwandsysteme /
_cCark Krause.
260 _aBerlin,
_c1970.
040 _cBPK
041 _apol
942 _cKS
008 s pl f |000 0 pol
999 _c27053
_d27053
856 _uhttp://koha.tu.koszalin.pl/cgi-bin/koha/opac-detail.pl?biblionumber=27053
_yKatalog online BPK